| 000 | 01157nam a2200265 a 4500 | ||
|---|---|---|---|
| 001 | 000040943 | ||
| 003 | DO-SdBNP | ||
| 005 | 20221018134318.0 | ||
| 007 | ta | ||
| 008 | 130911s1989 dr c 000 0 spa d | ||
| 040 |
_aDO-SdBNP _bspa _cBNPHU |
||
| 082 |
_a021.7 _bF356 |
||
| 111 | 2 |
_aFeria Regional del Libro Pedro Francisco Bono _n(1a. : _d1989 : del 25 al 30 de julio _967370 |
|
| 245 | 1 | 0 |
_aI Feria Regional del Libro Pedro Francisco Bono : _bprograma. |
| 246 | 1 | 3 | _aPrimera Feria Regional del Libro San Francisco de Macorís |
| 260 |
_aSan Francisco de Macorís : _bComisión Organizadora Permanente de la Feria Nacional del Libro, _c1989. |
||
| 300 |
_a23 p. ; _c22 cm. |
||
| 590 | _aInventariado, 2022 / DG | ||
| 611 | 2 | 4 |
_aFERIA REGIONAL DEL LIBRO _n(1ª : _d1989 : _cSan Francisco de Macorís(REPÚBLICA DOMINICANA) _xPROGRAMAS _967371 |
| 650 | 4 |
_aIndustria del libro _zRepública Dominicana _xProgramas _955292 |
|
| 650 | 4 |
_aFeria del libro _zSan Francisco de Macorís (República Dominicana _y1989 _xProgramas _967372 |
|
| 650 | 4 |
_aLibros _xExposiciones _zSan Francisco de Macorís (República Dominicana _967373 |
|
| 910 | _aDG | ||
| 942 |
_2ddc _cLF2 |
||
| 999 |
_c52563 _d52563 |
||